Stati per produzione di Manganese - Statistics

Statistiche generali
  • Questo quiz è stato fatto 6 volte
  • Il punteggio medio è 6 su 10
Statistiche sulle risposte
Produzione di manganese (tonnellate/anno) Continente Nazione % Corretto
2 900 000 Oceania Australia
100%
3 000 000 Asia Cina
100%
6 200 000 Africa Sudafrica
100%
950 000 Asia India
75%
390 000 Asia / Europa Kazakistan
75%
390 000 Europa Ucraina
75%
1 000 000 America del Sud Brasile
25%
1 800 000 Africa Gabon
25%
390 000 Africa Ghana
25%
400 000 Asia Malaysia
0%
Nessun quiz corrispondente trovato
Distribuzione punteggi
Percentuale di utenti per punteggio
Percentile per numero di risposta
I tuoi punteggi nel tempo
Non hai fatto questo quiz